All Arlo Parks Songs (updated April 2026) - Statistics

General Stats
  • This quiz has been taken 30 times
    3 since last reset
  • The average score is 28 of 70
Answer Stats
Super Sad Generation % Correct
2SIDED
100%
Caroline
100%
Cola
100%
Black Dog
67%
Blades
67%
Blades (ft. redveil)
67%
Blue Disco
67%
Devotion
67%
Eugene
67%
Get Go
67%
Ghost
67%
Green Eyes
67%
Heaven
67%
Hope
67%
I'm Sorry
67%
I'm Sorry (ft. Louis and The Yakuza)
67%
Jasmine
67%
Jetta
67%
Luck Of Life
67%
Purple Phase
67%
Senses ft. Sampha
67%
Sophie
67%
Weightless
67%
What If I Say It?
67%
Angel's Song
33%
Beams
33%
Bluish
33%
Bruiseless
33%
Collapsed In Sunbeams
33%
Creep
33%
Dog Rose
33%
Floette
33%
For Violet
33%
George
33%
Holding On
33%
Hurt
33%
I Like
33%
Impurities
33%
Just Go
33%
Moon Song
33%
New Desire
33%
Nightswimming
33%
Nothing I Could Hide
33%
Paperbacks
33%
Pegasus (ft. Phoebe Bridgers)
33%
Pegasus (ft. Phoebe Bridgers)
33%
Portra 400
33%
Romantic Garbage
33%
Room (red wings)
33%
sangria (with hard life)
33%
Second Guessing
33%
Softly
33%
South Seconds
33%
Super Sad Generation
33%
Too Good
33%
Too Good - Unknown Mortal Orchestra Remix
33%
Baby Blue
0%
Bags
0%
Breathe (with Khalid)
0%
Good Guy
0%
Ivy
0%
Puppy
0%
Redondo Beach
0%
Stranger In The Night - I. JORDAN Remix (with Future Utopia)
0%
Stranger In The Night (with Future Utopia)
0%
SUNRISE (with MICHELLE)
0%
Tangerine (with Glass Animals)
0%
Track07 (with Denzel Curry, Kenny Beats & Georgia Anne Muldrow)
0%
What Matters Most? (with Future Utopia)
0%
You're The One
0%
No matching quizzes found
Score Distribution
Percent of People with Each Score
Percentile by Number Answered
Your Score History
You have not taken this quiz since the last reset